000
00272nam a22001217a 4500
008
170704b xxu||||| |||| 00| 0 eng d
041
_a
eng
080
_a
82
100
_a
22
101
_a
GJL
245
_a
THE TRAGEDY OF RICHARD THE THIRD
_c
CRAWFOR,J.R
942
_2
udc
_c
BK
999
_c
19895
_d
19895